00533nam a2200145Ia 4500008004100000082001500041100002000056245007500076260004200151630001800193650004700211942000900258952010500267999001500372211109s9999||||xx |||||||||||||| ||und|| a824bBUR-S aBurke, Edmund,  0aSelections With Essays By Haglit, Arnold And Others Ed By A M D Hughes bOxford University PressaBombayc1924 xGeneral Stack aENGLISH LITERATUREvENGLISH ESSAYxEnglish cBOOK 00104070aSBCLbSBCLc2d2021-11-09l0o824 BUR-Sp00004117r2021-11-09 00:00:00w2021-11-09yBOOK c3770d3770